What are your Favorite Logos? - Statistics

General Stats
  • This quiz has been taken 50 times
  • The average score is 20 of 63
Answer Stats
Question Tile Select % Correct
Electronic Logos? Yes
71%
Restaurant Logos? Yes
66%
Restaurant Logos? Yes
63%
Store Logos? Yes
58%
Shipping Logos? Yes
55%
Store Logos? Yes
53%
Studio Logos? Yes
50%
Internet Logos? Yes
50%
Shipping Logos? Yes
50%
Studio Logos? Yes
47%
Studio Logos? Yes
47%
Internet Logos? Yes
47%
Game Logos? Yes
47%
Restaurant Logos? Yes
45%
Studio Logos? Yes
45%
Internet Logos? Yes
45%
Game Logos? Yes
45%
Shipping Logos? Yes
45%
Internet Logos? Yes
42%
Game Logos? Yes
42%
Restaurant Logos? Yes
39%
Studio Logos? Yes
39%
Studio Logos? Yes
39%
Game Logos? Yes
39%
Restaurant Logos? Yes
37%
Store Logos? Yes
37%
Store Logos? Yes
37%
Studio Logos? Yes
34%
Electronic Logos? Yes
34%
Electronic Logos? Yes
34%
Game Logos? Yes
32%
Restaurant Logos? Yes
29%
Restaurant Logos? Yes
29%
Restaurant Logos? Yes
29%
Studio Logos? Yes
29%
Studio Logos? Yes
26%
Shipping Logos? Yes
26%
Restaurant Logos? Yes
24%
Store Logos? Yes
24%
Shipping Logos? DB Schenker (Couldn't find image) Yes
24%
Internet Logos? Yes
21%
Store Logos? Yes
21%
Store Logos? Yes
21%
Store Logos? Yes
21%
Game Logos? Yes
21%
Game Logos? Yes
21%
Shipping Logos? Yes
21%
Electronic Logos? Yes
18%
Internet Logos? Yes
18%
Internet Logos? Yes
18%
Game Logos? Yes
18%
Electronic Logos? Yes
16%
Electronic Logos? Yes
16%
Internet Logos? Yes
16%
Store Logos? Yes
16%
Game Logos? Yes
16%
Shipping Logos? Yes
16%
Electronic Logos? Yes
13%
Internet Logos? Yes
13%
Shipping Logos? Yes
13%
Shipping Logos? Yes
13%
Electronic Logos? Yes
11%
Electronic Logos? Yes
11%
No matching quizzes found
Score Distribution
Percent of People with Each Score
Percentile by Number Answered
Your Score History
You have not taken this quiz